Financial market trends

Saved in:
Bibliographic Details
Format: Serial
Language:English
Published: Paris OECD 2006
Subjects:
Tags: Add Tag
No Tags, Be the first to tag this record!

MARC

LEADER 00000nas2a2200000 4500
001 0109417
005 20100127141104.6
022 |a 1995-2864 
041 0 |a eng 
044 |a FR 
245 1 0 |a Financial market trends 
264 1 |a Paris  |b OECD  |c 2006 
773 0 |w eu_un_cat*s124424 
610 2 0 |a trh finančný medzinárodný 
610 2 0 |a OECD 
610 2 0 |a OECD publikácie